| 000 | 00774nam a2200229 a 4500 | ||
|---|---|---|---|
| 001 | 50245 | ||
| 003 | BD-RjUL | ||
| 005 | 20211209075459.0 | ||
| 008 | 160823m19541960enk 0 eng d | ||
| 035 | _a(BD-RjUL)50365 | ||
| 035 | _a2392755 | ||
| 040 |
_aNUN _beng _cNUN _dBD-RjUL |
||
| 041 | _aeng | ||
| 082 | 0 | 4 |
_a385.0942 _bLEB 1960 |
| 100 | 1 |
_aEllis, C. Hamilton _q(Cuthbert Hamilton), _d1909- _9150600 |
|
| 245 | 1 | 0 |
_aBritish railway history : _ban outline from the accession of William IV to the nationalization of railways 1877-1947 / _c C. Hamilton Ellis |
| 260 |
_aLondon. : _bAllen & Unwin, _c1954, [impression 1960] |
||
| 300 |
_aix, 443 p.: _bill, ; _c24 cm |
||
| 500 | _aincludes index | ||
| 650 | 0 |
_aRailroads _zGreat Britain _xHistory. _9150601 |
|
| 942 |
_2ddc _cBK |
||
| 999 |
_c50245 _d50245 |
||